Teorie množin

Salvato in:
Dettagli Bibliografici
Autori principali: Balcar, Bohuslav (Autore), Štěpánek, Petr (Autore)
Natura: Libro
Lingua:ceco
Pubblicazione: Praha : Academia, 2001
Edizione:2.
Tags: Aggiungi Tag
Nessun Tag, puoi essere il primo ad aggiungerne!!

MARC

LEADER 00000nam a22000003a 4500
001 stu58226
005 20150617225654.5
008 010615s2001----xr------------------cze-d
020 |a 80-200-0470-X 
040 |a STU  |b slo 
041 0 |a cze 
044 |a xr 
080 |a 510.22 
100 1 |a Balcar, Bohuslav  |4 aut 
245 1 |a Teorie množin 
250 |a 2. 
260 |a Praha :  |b Academia,  |c 2001 
300 |a 462 s 
700 1 |a Štěpánek, Petr  |4 aut 
996 |b 284J004496  |c J*97800  |l JJSK  |s A  |a 24  |w stu58226_0001